| 000 | 00886nam a2200253Ia 4500 | ||
|---|---|---|---|
| 003 | OSt | ||
| 005 | 20220923224805.0 | ||
| 006 | a|||||r|||| 00| 0 | ||
| 007 | ta | ||
| 008 | 220922b |||||||| |||| 00| 0 hin d | ||
| 024 | _a250,261 | ||
| 037 | _cTextual | ||
| 040 |
_aARTS _cARTS _bhin |
||
| 041 |
_2hin _ahin |
||
| 082 | _aO152,1M5:g, K9 | ||
| 100 |
_aभटनागर, हेम _9156278 |
||
| 245 | 0 | _aश्रृंगार - युग में संगीत - काव्य | |
| 246 | _aShrṛuangār - yug mean sangīt - kāvya | ||
| 260 |
_aनयी दिल्ली _b जानकी देवी विश्वविद्यालय _c1969 |
||
| 300 |
_a275पृ. _ccm. |
||
| 650 |
_aहिन्दी साहित्य _9156264 |
||
| 942 |
_hO152,1M5:g, K9 _cTEXL _2CC |
||
| 999 |
_c373653 _d373653 |
||